Nicolai Vigelij de Dreisa Hessorum, iurisconsulti Methodus iuris controuersi, in sex libros distincta, nunc denuo autore recognita, & vigintiquatuor authorum accessione aucta (Record no. 8672)

MARC details
000 -CABECERA
campo de control de longitud fija 00903nam a2200193 a 4500
001 - NÚMERO DE CONTROL
campo de control BRCA_9021
005 - FECHA Y HORA DE LA ÚLTIMA TRANSACCIÓN
campo de control 20190320210509.0
008 - DATOS DE LONGITUD FIJA--INFORMACIÓN GENERAL
campo de control de longitud fija 240717s1652----sp-#######---#000-0#lat-#
041 ## - CÓDIGO DE LENGUA
Código de lengua del texto/banda sonora o título independiente lat
084 ## - OTRO NÚMERO DE CLASIFICACIÓN
Número de clasificación LM57
Número de documento/Ítem .V54 1652
100 1# - ENTRADA PRINCIPAL--NOMBRE DE PERSONA
Nombre de persona Vigelii, Nicolai
9 (RLIN) 22370
245 10 - MENCIÓN DE TÍTULO
Título Nicolai Vigelij de Dreisa Hessorum, iurisconsulti Methodus iuris controuersi, in sex libros distincta, nunc denuo autore recognita, & vigintiquatuor authorum accessione aucta
Resto del título cum ratione iuris controuersi cum iudicio legendi, & in iudicando sequendi, operi praefixa: accessit rerum ac verborum praecipueÌ memorabilium index...
260 ## - PUBLICACIÓN, DISTRIBUCIÓN, ETC.
Lugar de publicación, distribución, etc. Moguntiae
Nombre del editor, distribuidor, etc. excudebat Nicolaus Heyll sumptibus haeredum Ludouici Regis
Fecha de publicación, distribución, etc. 1652
300 ## - DESCRIPCIÓN FÍSICA
Extensión 1227 p.
Dimensiones 33 x 20.5 cm
500 ## - NOTA GENERAL
Nota general Estado físico: presenta encuadernación en piel deteriorada
650 14 - PUNTO DE ACCESO ADICIONAL DE MATERIA--TÉRMINO DE MATERIA
Término de materia o nombre geográfico como elemento de entrada Ley romana
Subdivisión cronológica Obras anteriores a 1800
9 (RLIN) 22371
902 ## - CATALOGADOR
Iniciales CFM
942 ## - ELEMENTOS DE PUNTO DE ACCESO ADICIONAL (KOHA)
Fuente del sistema de clasificación o colocación Library of Congress Classification
Tipo de ítem Koha Libros
Holdings
Estado de retiro Estado de pérdida Estado dañado No para préstamo Localización permanente Ubicación/localización actual Fecha de adquisición Total de préstamos Signatura topográfica completa Código de barras Fecha visto por última vez Precio válido a partir de Tipo de ítem Koha
El ejemplar forma parte de la colección y puede ser consultado según las políticas vigentes.       Biblioteca del Museo Franz Mayer (Rogerio Casas-Alatriste) Biblioteca del Museo Franz Mayer (Rogerio Casas-Alatriste) 24/07/2017   LM57 .V54 1652 CFM00292 22/03/2019 22/03/2019 Libros